000 00331nam a2200133Ia 4500
008 150201s2008 xx 000 0 und d
082 _a616
_bT08D
100 _aDHINGRA,VK
245 _aTUBERCULOSIS: TRATMENT & PREVENTION
250 _a1ST
260 _bPEEPEE
_aDELHI
_c2008
650 _aMEDICINE AND DIAGNOSIS
942 _2ddc
_cBK
_05
999 _c607
_d607